000 01021cam a22003373a 4500
001 713
003 PGUSA
005 20140828082952.0
008 961101s1996||||xxu|||||s|||||000 | eng d
040 _aPGUSA
_beng
042 _adc
050 4 _aAZ
100 1 _aMackay, Charles,
_d1814-1889
245 1 0 _aMemoirs of Extraordinary Popular Delusions — Volume 2
_h[electronic resource] /
_cCharles Mackay
260 _bProject Gutenberg,
_c1996
506 _aPublic domain in the USA.
516 _aElectronic text
653 _aCommon fallacies
653 _aImpostors and imposture
653 _aStock exchanges -- Psychological aspects
653 _aAlchemy
653 _aHallucinations and illusions
653 _aDelusions
653 _aOccultism -- Early works to 1900
653 _aSocial psychology
653 _aInvestments -- Psychological aspects
653 _aSwindlers and swindling
830 0 _aProject Gutenberg
_v713
856 4 0 _uhttp://www.gutenberg.org/ebooks/713
942 _cEB
999 _c230064
_d230064